Normal view
MARC view
- الشعر العربي-مجموعات-شعر الغزل العربي
Entry Topical Term
001 - CONTROL NUMBER
- control field: 62652
003 - CONTROL NUMBER IDENTIFIER
- control field: JO-AjAnu
005 - DATE AND TIME OF LATEST TRANSACTION
- control field: 20230606084230.0
008 - FIXED-LENGTH DATA ELEMENTS
- fixed length control field: 230606|| aca||aabn | a|a d
040 ## - CATALOGING SOURCE
- Original cataloging agency: JO-AjAnu
- Transcribing agency: JO-AjAnu
150 ## - HEADING--TOPICAL TERM
- Topical term or geographic name entry element: الشعر العربي-مجموعات-شعر الغزل العربي
670 ## - SOURCE DATA FOUND
- Source citation: Work cat.: (JO-AjAnu)31948: تأليف السراج، جعفر بن احمد الحسين؛ تحقيق بسمة احمد صدقي الدجاني, author 62651, مصارع العشاق، ج2